000 02431nam0a2200421 4500
001 RU\NLR\bibl\991170
005 20260405154421.0
010 _a5-9691-0113-3
_bВ пер.
_92000
021 _aRU
_b2006-50898
_92517
035 _a(nilc)RSL-KNO-002925363
035 _a(NLR Aleph) 000978973
090 _a446864
_c446864
100 _a20060906d2006 |||y0rusy50 ca
101 0 _arus
102 _aRU
105 _ay |||||||||
106 _ar
200 1 _aМалое собрание сочинений
_fВиктор Пеленягрэ
_g[ред. Наталия Каверина, Наталья Рагозина]
210 _aМосква
_cВремя
_d2006
_eЕкатеринбург
_gУральский рабочий
215 _a774 с.
_d17
225 1 _aПоэтическая библиотека
300 _aЗагл. обл.: Как упоительны в России вечера
320 _aИзбр. библиогр. Виктора Пеленягрэ: с. 751-752
327 0 _aСодерж.: Стихотворения; Из ранней лирики; Кортеж Орфея; Сезам и лилии; Воспитание чувств; Ящик Пандоры; Свободное падение; Песенки; Все так же рыдает шарманка; Колониальное танго [и др.]
512 1 _6z33790
_aКак упоительны в России вечера
610 0 _aФилологические науки. Художественная литература -- Российская Федерация -- Русская литература -- с сер. 50-х гг. 20 в. -- Произведения художественной литературы -- Собрания сочинений и сборники произведений разных жанров одного автора
686 _aШ5(2=Р)75-6я44
_2rubbk
686 _aШ6(2=Р)7я44
700 1 _4070
_8rus
_7ca
_aПеленягрэ
_bВ. И.
_f1959-
_gВиктор Иванович
_3RU\NLR\auth\7765357
_948286
702 1 _aКаверина
_bН.
_gНаталия
_4340
790 1 _4070
_8rus
_7ca
_aПеленягрэ
_bВ. И.
_f1959-
_gВиктор Иванович
_3RU\NLR\auth\7765357
_948286
801 0 _aRU
_bРКП
_c20060906
_grcr
801 1 _aRU
_bРГБ
_c20060906
801 2 _aRU
_bNLR
_c20061004
_grcr
942 _cBOOK
980 _aNB